[Event "Torino Alfieri op 2nd"]
[Site "Torino"]
[Date "2010.04.24"]
[Round "5"]
[White "Pitrola, Carlo"]
[Black "Cavezzana, Davide"]
[Result "1-0"]
[WhiteElo "1799"]
[BlackElo "1768"]
[PlyCount "55"]
[EventDate "2010.04.21"]
[EventType "swiss"]
[EventRounds "5"]
[EventCountry "ITA"]
[SourceTitle "EXT 2024"]
[Source "ChessBase"]
[SourceDate "2023.10.10"]
[SourceVersion "1"]
[SourceVersionDate "2023.10.10"]
[SourceQuality "1"]

1. d4 d5 2. c4 c6 3. Nf3 Nf6 4. Nc3 e6 5. cxd5 cxd5 6. Bf4 Bd6 7. Bxd6 Qxd6 8. e3 Qb4 9. Qd2 Bd7 10. Bd3 Nc6 11. a3 Qe7 12. b4 Rc8 13. 0-0 0-0 14. Ra2 Ne8 15. Rc2 Nd6 16. Rfc1 a6 17. e4 dxe4 18. Nxe4 Nxe4 19. Bxe4 f5 20. Bd3 b5 21. Re1 Qd6 22. Qe3 Ne7 23. Rc5 Nd5 24. Qe5 Qxe5 25. Nxe5 Nb6 26. Rec1 Rxc5 27. dxc5 Rc8 28. Rc2 1-0

[Event "Torino Alfieri op 2nd"]
[Site "Torino"]
[Date "2010.04.23"]
[Round "3"]
[White "Baleja, Marian"]
[Black "Pitrola, Carlo"]
[Result "1-0"]
[WhiteElo "1923"]
[BlackElo "1799"]
[PlyCount "82"]
[EventDate "2010.04.21"]
[EventType "swiss"]
[EventRounds "5"]
[EventCountry "ITA"]
[SourceTitle "EXT 2024"]
[Source "ChessBase"]
[SourceDate "2023.10.10"]
[SourceVersion "1"]
[SourceVersionDate "2023.10.10"]
[SourceQuality "1"]

1. e4 e6 2. d4 d5 3. Nd2 Nf6 4. e5 Nfd7 5. Bd3 c5 6. c3 Nc6 7. Ne2 cxd4 8. cxd4 f6 9. exf6 Nxf6 10. Nf3 Bd6 11. 0-0 0-0 12. a3 a6 13. b4 Qe8 14. Bb2 Qh5 15. Ng3 Bxg3 16. fxg3 Bd7 17. Qe2 e5 18. dxe5 Rae8 19. h3 Re7 20. Rae1 Rfe8 21. g4 Nxg4 22. hxg4 Bxg4 23. Qc2 Re6 24. Nh2 Rh6 25. Nxg4 Qh1+ 26. Kf2 Qh4+ 27. Ke3 Qxg4 28. Kd2 Qg5+ 29. Kd1 Rh2 30. Rf2 d4 31. Qc4+ Kh8 32. Qf7 Qh5+ 33. Qxh5 Rxh5 34. e6 Re5 35. Ref1 g6 36. Rf8+ Rxf8 37. Rxf8+ Kg7 38. Rf7+ Kh6 39. Bc1+ Kh5 40. Be2+ Kh4 41. Bf4 d3 1-0

[Event "Bratto op-B 28th"]
[Site "Bratto"]
[Date "2008.08.28"]
[Round "6"]
[White "Biava, Pierluigi"]
[Black "Pitrola, Carlo"]
[Result "0-1"]
[WhiteElo "1872"]
[BlackElo "1837"]
[PlyCount "68"]
[EventDate "2008.08.23"]
[EventType "swiss"]
[EventRounds "9"]
[EventCountry "ITA"]
[SourceTitle "EXT 2011"]
[Source "ChessBase"]
[SourceDate "2010.11.26"]
[SourceVersion "1"]
[SourceVersionDate "2010.11.26"]
[SourceQuality "1"]

1. e4 e6 2. Nc3 d5 3. Nf3 Bb4 4. exd5 exd5 5. Qe2+ Ne7 6. Qe3 0-0 7. Bd3 Nf5 8. Qf4 Bd6 9. Qa4 Re8+ 10. Ne2 c5 11. c4 d4 12. Qc2 Qf6 13. 0-0 Nc6 14. a3 Ne5 15. Nxe5 Qxe5 16. Ng3 Nh4 17. Bxh7+ Kh8 18. Be4 f5 19. f4 Qf6 20. Bd5 d3 21. Qxd3 Ng6 22. Ne2 Qh4 23. g3 Qf6 24. Qf3 Be6 25. Nc3 Bxd5 26. Nxd5 Qd4+ 27. Ne3 Ne7 28. Rb1 Qd3 29. Ra1 Nc6 30. Qh5+ Kg8 31. Nxf5 Re6 32. Ne3 Rh6 33. Qd5+ Qxd5 34. Nxd5 Nd4 0-1

[Event "Bratto op-B 28th"]
[Site "Bratto"]
[Date "2008.08.23"]
[Round "1"]
[White "Maccarini, Luca"]
[Black "Pitrola, Carlo"]
[Result "1-0"]
[WhiteElo "1920"]
[BlackElo "1837"]
[PlyCount "53"]
[EventDate "2008.08.23"]
[EventType "swiss"]
[EventRounds "9"]
[EventCountry "ITA"]
[SourceTitle "EXT 2011"]
[Source "ChessBase"]
[SourceDate "2010.11.26"]
[SourceVersion "1"]
[SourceVersionDate "2010.11.26"]
[SourceQuality "1"]

1. d4 d5 2. Nf3 Nf6 3. c4 c6 4. Nc3 e6 5. Bg5 Be7 6. e3 Nbd7 7. Bd3 0-0 8. 0-0 dxc4 9. Bxc4 b5 10. Bb3 Bb7 11. Qe2 b4 12. Na4 Nb6 13. Nc5 Bxc5 14. dxc5 Nbd7 15. Rfd1 Qc7 16. Rd4 a5 17. Qc2 h6 18. Bh4 e5 19. Bg3 Nh5 20. Rad1 Rad8 21. Rd6 Nxg3 22. hxg3 Kh8 23. Nh4 e4 24. Qd2 Bc8 25. Qd4 h5 26. Rh6+ Kg8 27. Ng6 1-0

[Event "Piemonte-ch"]
[Site "Turin"]
[Date "2008.04.23"]
[Round "4"]
[White "Pitrola, Carlo"]
[Black "Tallarico, Pierfrancesco"]
[Result "1/2-1/2"]
[WhiteElo "1827"]
[BlackElo "1882"]
[PlyCount "89"]
[EventDate "2008.04.20"]
[EventType "swiss"]
[EventRounds "9"]
[EventCountry "ITA"]
[SourceTitle "EXT 2011"]
[Source "ChessBase"]
[SourceDate "2010.11.26"]
[SourceVersion "1"]
[SourceVersionDate "2010.11.26"]
[SourceQuality "1"]

1. d4 Nf6 2. c4 e6 3. Nc3 Bb4 4. Qc2 Nc6 5. Nf3 Qe7 6. a3 Bxc3+ 7. Qxc3 d6 8. b4 Ne4 9. Qc2 f5 10. e3 0-0 11. Bd3 Ng5 12. Nd2 e5 13. d5 e4 14. dxc6 exd3 15. Qxd3 bxc6 16. 0-0 Qf6 17. Nb3 Qg6 18. Kh1 Ba6 19. Na5 Qe6 20. b5 cxb5 21. cxb5 Qe5 22. Qb3+ Kh8 23. Bb2 Qxb5 24. Qxb5 Bxb5 25. Rfc1 c5 26. Nb7 Ne4 27. Kg1 Rab8 28. Na5 Bd3 29. Bc3 Rb5 30. Be1 Rfb8 31. f3 Nf6 32. Nc6 R8b7 33. Bg3 d5 34. Ne5 Be2 35. Re1 Rb2 36. Rac1 c4 37. Nc6 Bd3 38. Bf4 Rb1 39. Rxb1 Bxb1 40. Nb4 Bd3 41. Rd1 Be2 42. Rd2 a5 43. Nxd5 Nxd5 44. Rxd5 h6 45. Rxa5 1/2-1/2

[Event "Piemonte-ch"]
[Site "Turin"]
[Date "2008.04.22"]
[Round "3"]
[White "Pitrola, Carlo"]
[Black "Giacomasso, Enrico"]
[Result "0-1"]
[WhiteElo "1827"]
[BlackElo "1970"]
[PlyCount "70"]
[EventDate "2008.04.20"]
[EventType "swiss"]
[EventRounds "9"]
[EventCountry "ITA"]
[SourceTitle "EXT 2011"]
[Source "ChessBase"]
[SourceDate "2010.11.26"]
[SourceVersion "1"]
[SourceVersionDate "2010.11.26"]
[SourceQuality "1"]

1. d4 Nf6 2. c4 e6 3. Nc3 Bb4 4. Qc2 c5 5. dxc5 Bxc5 6. Bg5 Bxf2+ 7. Kxf2 Ng4+ 8. Ke1 Qxg5 9. Ne4 Qa5+ 10. Qd2 Qxd2+ 11. Nxd2 Ne3 12. Kf2 Nxf1 13. Rxf1 f5 14. c5 Nc6 15. Nc4 Rb8 16. Nf3 b6 17. cxb6 axb6 18. Rc1 Ke7 19. Rhd1 d5 20. Ne3 Bd7 21. g4 fxg4 22. Nxg4 Rhf8 23. Kg3 Rf5 24. Nh4 Rg5 25. Nf3 Rf5 26. Nh4 Rh5 27. Ng2 Ra8 28. e4 dxe4 29. Re1 Rxa2 30. Rxe4 Rxb2 31. Nf4 Rb3+ 32. Kg2 Rg5 33. h3 h5 34. Nxe6 Bxe6 35. Rxc6 Rg6 0-1

[Event "Turin FreeTUR op"]
[Site "Turin"]
[Date "2007.12.04"]
[Round "5"]
[White "Tallarico, Pierfrancesco"]
[Black "Pitrola, Carlo"]
[Result "1-0"]
[WhiteElo "1518"]
[BlackElo "1602"]
[PlyCount "119"]
[EventDate "2007.11.06"]
[EventType "swiss"]
[EventRounds "6"]
[EventCountry "ITA"]
[SourceTitle "EXT 2010"]
[Source "ChessBase"]
[SourceDate "2010.11.25"]
[SourceVersion "1"]
[SourceVersionDate "2010.11.25"]
[SourceQuality "1"]

1. c4 c6 2. Nf3 d5 3. e3 Nf6 4. Qc2 e6 5. b3 Bd6 6. Bb2 0-0 7. Rg1 Nbd7 8. g4 e5 9. g5 Nh5 10. Nc3 d4 11. Ne4 Nc5 12. Nxc5 Bxc5 13. Bd3 g6 14. Nxe5 Re8 15. Nf3 dxe3 16. dxe3 Nf4 17. 0-0-0 Nxd3+ 18. Rxd3 Qa5 19. Qc3 Qxc3+ 20. Bxc3 Bf5 21. Rd2 Bxe3 22. fxe3 Rxe3 23. Bf6 Rxf3 24. Rgd1 Re8 25. Rd8 Rfe3 26. Kb2 Kf8 27. Rxe8+ Rxe8 28. Kc3 Rc8 29. b4 Ke8 30. Re1+ Be6 31. Re4 Kd7 32. Rd4+ Kc7 33. Be5+ Kb6 34. Bd6 a6 35. a4 Ka7 36. c5 Re8 37. b5 axb5 38. axb5 cxb5 39. Rd1 b6 40. c6 Bc8 41. Kd4 Re6 42. Kd5 Re2 43. Ra1+ Ba6 44. c7 Rd2+ 45. Kc6 Rc2+ 46. Kd7 Rc4 47. Rxa6+ Kxa6 48. c8Q+ Rxc8 49. Kxc8 Ka5 50. Kc7 b4 51. Kc6 b3 52. Be5 Kb4 53. Kxb6 Ka3 54. Kc6 b2 55. Bxb2+ Kxb2 56. Kd6 Kc3 57. Ke7 Kd4 58. Kxf7 Ke5 59. Kg7 Kf5 60. h4 1-0

[Event "Turin FreeTUR op"]
[Site "Turin"]
[Date "2007.11.27"]
[Round "4"]
[White "Pitrola, Carlo"]
[Black "Malano, Francesco"]
[Result "1/2-1/2"]
[WhiteElo "1602"]
[BlackElo "1967"]
[PlyCount "91"]
[EventDate "2007.11.06"]
[EventType "swiss"]
[EventRounds "6"]
[EventCountry "ITA"]
[SourceTitle "EXT 2010"]
[Source "ChessBase"]
[SourceDate "2010.11.25"]
[SourceVersion "1"]
[SourceVersionDate "2010.11.25"]
[SourceQuality "1"]

1. d4 e5 2. dxe5 Nc6 3. Nf3 Qe7 4. Nc3 Nxe5 5. Nd4 c6 6. Bf4 d5 7. e3 Nf6 8. Be2 Ng6 9. Bg3 Qb4 10. Qd2 Qxb2 11. Rb1 Qa3 12. Ndb5 cxb5 13. Nxd5 Be7 14. Nc7+ Kf8 15. Rb3 Qxa2 16. Nxa8 Qa1+ 17. Bd1 Ne4 18. Qd4 Qa5+ 19. Ke2 Nc5 20. Rb1 Be6 21. Bd6 Bc4+ 22. Kf3 Nh4+ 23. Qxh4 Bxd6 24. Ra1 Bd5+ 25. Ke2 Be7 26. Qxe7+ Kxe7 27. Rxa5 Rxa8 28. f3 b6 29. Ra1 b4 30. e4 Be6 31. Ke3 a5 32. Be2 a4 33. Rhb1 b3 34. Bd1 Rd8 35. cxb3 axb3 36. Be2 h5 37. f4 g6 38. h3 Rb8 39. g4 hxg4 40. hxg4 Kd6 41. f5 gxf5 42. gxf5 Bd7 43. Bc4 Bc6 44. Bxb3 Bxe4 45. Rd1+ Ke5 46. Bxf7 1/2-1/2